• 首页
  • 本馆介绍
  • 公告通知
  • 最新文献
  • 馆藏检索
  • 电子资源
  • 读者导购
  • 参考咨询
  • 我的图书馆
  • 登录
  • 详细信息显示
  • 放入我的书架
  • 预约/预借图书
  • 作者相关作品
  • 分类相关作品
  • 丛书相关作品
  • 出版社相关作品

书目信息

  • 表格格式
  • 工作单格式
  • 卡片格式
题名:
立足传统, 勇于突破
    
 
作者: 徐驰 著
分册:  
出版信息: 北京   中国纺织出版社有限公司  2019.12
页数: 202页
开本: 24cm
丛书名:
单 册:
中图分类: J711.2
科图分类:
主题词: 舞蹈编导--wu dao bian dao--研究
电子资源:
ISBN: 978-7-5180-6952-1
000 01035nam0 2200265 450
001 CAL 004001594
005 20230217093111.0
010    @a978-7-5180-6952-1@dCNY68.00
100    @a20200909d2019 em y0chiy0120 ea
101 0  @achi
102    @aCN@b110000
105    @aa a 000yy
106    @ar
200 1  @a立足传统, 勇于突破@Ali zu chuan tong , yong yu tu po@e舞蹈编导技法与创新@f徐驰著
210    @a北京@c中国纺织出版社有限公司@d2019.12
215    @a202页@c图@d24cm
314    @a徐驰, 毕业于北京舞蹈学院编导系, 现任职于湖南师范大学音乐学院舞蹈系。
320    @a有书目 (第201-202页)
330    @a本书围绕舞蹈编导理论展开, 先对舞蹈编导的规律和舞蹈语言的组织、处理等问题进行分析, 然后从舞蹈作品的内容和形式、舞蹈作品的内容美和形式美、舞蹈作品的意境等方面论述舞蹈编导的实践与创新。
517 1  @a舞蹈编导技法与创新@Awu dao bian dao ji fa yu chuang xin
606 0  @a舞蹈编导@Awu dao bian dao@x研究
690    @aJ711.2@v5
701  0 @a徐驰@Axu chi@4著
801  0 @aCN@bBJXHZP@c20230222
905    @b1394476-9@dJ711.2@e339@f4
    
    立足传统, 勇于突破:舞蹈编导技法与创新/徐驰著.-北京:中国纺织出版社有限公司,2019.12
    202页:图;24cm
    
    
    ISBN 978-7-5180-6952-1:CNY68.00
    本书围绕舞蹈编导理论展开, 先对舞蹈编导的规律和舞蹈语言的组织、处理等问题进行分析, 然后从舞蹈作品的内容和形式、舞蹈作品的内容美和形式美、舞蹈作品的意境等方面论述舞蹈编导的实践与创新。
●
相关链接 在E读中查询图书 在五车中查询图书 在当当中查询图书 在豆瓣中查询图书


正题名:立足传统, 勇于突破     索取号:J711.2/339         预约/预借

序号 登录号 条形码 馆藏地/架位号 状态 备注
1 1394476   213944767   第一样本阅览室/ [索取号:J711.2/339] 在馆    
2 1394477   213944776   第一借阅区/ [索取号:J711.2/339] 在馆    
3 1394478   213944785   第一借阅区/ [索取号:J711.2/339] 在馆    
4 1394479   213944794   第一借阅区/ [索取号:J711.2/339] 在馆    
唐山师范学院图书馆 欢迎您!
大连网信软件有限公司© 版权所有